000 00730cam a22002533a 4500
001 32093
003 PGUSA
005 20140828083708.0
008 100422s2010||||xxu|||||s|||||000 1 eng d
040 _aPGUSA
_beng
042 _adc
050 4 _aPZ
100 1 _aBrazil, Angela,
_d1869-1947
245 1 0 _aLoyal to the School
_h[electronic resource] /
_cAngela Brazil
260 _bProject Gutenberg,
_c2010
506 _aPublic domain in the USA.
516 _aElectronic text
653 _aGirls -- England -- Juvenile fiction
653 _aHigh schools -- England -- Juvenile fiction
700 1 _aBacon, H. L.
830 0 _aProject Gutenberg
_v32093
856 4 0 _uhttp://www.gutenberg.org/ebooks/32093
942 _cEB
999 _c261348
_d261348